1414 1690 1326 1021 1224 1690 1421 1709 1004 1307 1535 1231 1283 1779 1908 1816 1722 1503 1901 1539 1887 1562 1154 1928 1538 1906 1246 1749 1031 1046 1859 1260 1366 1628 1287 1390 1396 1481 1224 1709 1643 1834 1752 1417 1109 1722 1325 1548 1745 1958 1342 1205 1301 1288 1094 1287 1612 1625 1703 1145 1506 1781 1849 1523 1505 1626 1829 1586 1517 1656 1872 1348 1063 1847 1015 1580 1859 1352 1690 1302 1355 1042 1758 1314 1502 1887 1913 1858 1207 1743 1696 1743 1683 1263 1970 1568 1492 1510 1238 BCNSPRNW ULIB Ver.6.0+V

เปลี่ยนเป็นภาษาไทย

Change to English
 แสดงรายละเอียดบรรณานุกรม
  กลับหน้าหลัก

Brief Record : Get Marc (ISO 2709) : E-mail record : QR code < ปิดหน้าต่าง
LEADER : 00000nam 2200000uu 4500
001    13399125261
003     ULIB
008    161202s2559||||th 000 0 tha d
060  0 ^aWA546 อ658ก
100 0  ^aผู้ช่วยรองศาสตราจารย์ ดร.อารีวรรณ ขัมภลิขิต,อาจารย์รวีกานต์ อมาตยคงและรองศาสตราจารย์ ดร.วราภรณ์ บุญเชียง
110 1  ^aสำนักงานสนับสนุนการพัฒนาระบบสุขภาพ^bสำนักงานกองทุนสนับสนุนการสร้างเสริมสุขภาพ
245 00 ^aชุดการเรียนรู้ที่ 6 การพัฒนาทักษะส่วนบุคคล =^bDevelopment of Personal Skills /^cผู้ช่วยรองศาสตราจารย์ ดร.อารีวรรณ ขัมภลิขิต,อาจารย์รวีกานต์ อมาตยคงและรองศาสตราจารย์ ดร.วราภรณ์ บุญเชียง
250    ^aพิมพ์ครั้งที่ 1
260    ^aนนทบุรี:^bบริษัท มาตา การพิมพ์ จำกัด,^c2559
300    ^a58หน้า:^bตาราง;^c29ซม.
650  0 ^a^การพัฒนา^bทักษะ
700 0  ^aการพยาบาล^bส่วนบุคคล
710 1  ^aสำนักสนับสนุนการพัฒนาระบบสุขภาพ^bสำนักงานกองทุนสนับสนุนการสร้างเสริมสุขภาพ
945    ^p0^l0^i001571
999    ^aวรรณษา ชูชัยมงคล
รายการนี้ยังไม่มีแท็ก
คุณยังไม่ได้ล็อกอิน คุณสามารถมีกิจกรรมร่วมกับเว็บไซต์ได้ แต่ต้องล็อกอินก่อน ::
  ล็อกอิน

รายการสื่อสารสนเทศ

ลำดับที่ ประเภท เลขเรียก/บาร์โค้ด สถานที่ สถานะ
1. การศึกษาทั่วไป
การศึกษาทั่วไป
สถานะ=หนังสือเก่า
WA546 อ658ก ฉ.1 
  Barcode: 001571
ห้องสมุดวิทยาเขตสวรรค์ประชารักษ์
►ส่วนจัดเก็บหนังสือเก่า สปร
บนชั้น
  ขอยืม

BibComment


ยังไม่เคยถูกคอมเมนท์

คอมเมนท์ทรัพยากรรายการนี้
  คอมเมนท์: ชุดการเรียนรู้ที..


 Copyright 2026. Bcnsprnw @Library